书目信息 |
| 题名: |
教师压力管理
|
|
| 作者: | 姚立新 著 | |
| 分册: | ||
| 出版信息: | 杭州 浙江大学出版社 2005.08 |
|
| 页数: | 425页 | |
| 开本: | 19cm | |
| 丛书名: | ||
| 单 册: | ||
| 中图分类: | G443 | |
| 科图分类: | ||
| 主题词: | 教师心理学--jiao shi xin li xue | |
| 电子资源: | ||
| ISBN: | 7-308-04406-8 | |
| 000 | 00790nam0 2200229 450 | |
| 001 | 012006861515 | |
| 005 | 20060417183511.82 | |
| 010 | @a7-308-04406-8@dCNY25.00 | |
| 100 | @a20060417d2005 km y0chiy0120 ea | |
| 101 | 0 | @achi |
| 102 | @aCN@b330000 | |
| 105 | @ay a 000yy | |
| 200 | 1 | @a教师压力管理@Ajiao shi ya li guan li@f姚立新著@Fyao li xin zhu |
| 210 | @a杭州@c浙江大学出版社@d2005.08 | |
| 215 | @a425页@d19cm | |
| 320 | @a有书目 (第422-423页)。 | |
| 330 | @a本书作者历时数载,深入学校调查,在了解和掌握大量第一手资料的基础上,运用现代心理学和管理学的基本理论与方法,对中小学教师所处的压力状况进行了深入研究。 | |
| 606 | 0 | @a教师心理学@Ajiao shi xin li xue |
| 690 | @aG443@v4 | |
| 701 | 0 | @a姚立新@Ayao li xin@4著 |
| 801 | 0 | @aCN@bQSSK@c20060417 |
| 905 | @a10447@dG443@eY363 | |
| 教师压力管理/姚立新著.-杭州:浙江大学出版社,2005.08 |
| 425页;19cm |
| ISBN 7-308-04406-8:CNY25.00 |
| 本书作者历时数载,深入学校调查,在了解和掌握大量第一手资料的基础上,运用现代心理学和管理学的基本理论与方法,对中小学教师所处的压力状况进行了深入研究。 |
| ● |
| 相关链接 |
|
|
|
正题名:教师压力管理
索取号:G443/Y363
 
预约/预借
| 序号 | 登录号 | 条形码 | 馆藏地/架位号 | 状态 | 备注 |
| 1 | 558082 | 205580824 | 社科库409/409社科库 3排3列5层/ [索取号:G443/Y363] | 在馆 | |
| 2 | 558083 | 205580833 | 社科库409/409社科库 3排3列5层/ [索取号:G443/Y363] | 在馆 | |
| 3 | 558084 | 205580842 | 社科库409/409社科库 3排3列5层/ [索取号:G443/Y363] | 在馆 |